| 000 | 00679nam a2200217Ia 4500 | ||
|---|---|---|---|
| 008 | 191130s2006##################000#0#eng## | ||
| 020 | _a9780143100430 | ||
| 022 | _a2006448502 | ||
| 040 |
_aACL _cACL |
||
| 082 | _a792.09541 MEH | ||
| 100 | _aMehrotra, Deepti Priya | ||
| 245 |
_aGulab Bai : the queen of Nautanki theatre _cDeepti Priya Mehrotra |
||
| 260 |
_aLondon _bPenguin Books _c2006 |
||
| 300 | _aviii, 318 p. : ill. : 21 cm | ||
| 500 | _aIncludes bibliographical references (p. [311]-318) | ||
| 650 | _aGulab Bai, 1920-1996 | ||
| 650 | _aNautanki - History - 20th century | ||
| 990 | _ad50b2deeac10000c39f7d8ee4adaf22a | ||
| 991 | _a366573 | ||
| 999 |
_c199268 _d199268 |
||